Normal view MARC view
  • Rea Ángeles, Patricia

Entry Nombre Personal

Number of records used in: 1

001 - NUMERO DE CONTROL

  • campo de control: 51785

003 - IDENTIFICADOR DE NUMERO DE CONTROL

  • campo de control: DLC

005 - FECHA Y HORA DE LA ÜLTIMA TRANSACCIÓN

  • campo de control: 20240430115520.0

008 - DATOS DE LONGITUD FIJA

  • campo de control de longitud fija: 220630n| azannaabn |a aaa c

010 ## - NÚMERO DE CONTROL DE LA BIBLIOTECA DEL CONGRESO

  • Número de control LC: ns2022001032

035 ## - NUMERO DE CONTROL

  • Número de control: (CaEvSKY)skya12855988

040 ## - FUENTE DE CATALOGACIÓN

  • Agencia original de catalogación: MX-XaUV
  • Lenguaje de catalogación: spa
  • Description conventions: rda
  • Agencia de transcripción: MX-XaUV
  • Agencia que lo modifica: MX-MxUPN

100 1# - ENCABEZAMIENTO - NOMBRE PERSONAL

  • Nombre personal: Rea Ángeles, Patricia

377 ## - LENGUA ASOCIADA

  • Language code: spa

400 1# - VEÁSE - NOMBRE DE PERSONA

  • Personal name: Ángeles, Patricia Rea

670 ## - FUENTE EN LA QUE SE LOCALIZARON DATOS

  • Cita de la fuente: Análisis y propuestas para el fortalecimiento del programa de educación inicial del Conafe: una mirada antropológica, 2017:
  • Información localizada: portada (Patricia Rea Ángeles)

902 ## - CATALOGADOR

  • Catalogador: VíctorGodínez/300424